000
00295nam a22001217a 4500
008
181127b xxu||||| |||| 00| 0 eng d
041
_a
eng
080
_a
043.3
100
_a
0
101
_a
MTH-SHKI
245
_a
Implementimi i sistemit të njohëhjes së Irisit
_c
Hodolli,A
942
_2
udc
_c
BK
999
_c
52613
_d
52613